<?xml version="1.0" encoding="UTF-8"?>
<record
    xmlns:xsi="http://www.w3.org/2001/XMLSchema-instance"
    xsi:schemaLocation="http://www.loc.gov/MARC21/slim http://www.loc.gov/standards/marcxml/schema/MARC21slim.xsd"
    xmlns="http://www.loc.gov/MARC21/slim">

  <leader>00737nam a22001577a 4500</leader>
  <controlfield tag="003">OSt</controlfield>
  <controlfield tag="005">20151114142505.0</controlfield>
  <controlfield tag="008">151114b        xxu||||| |||| 00| 0 eng d</controlfield>
  <datafield tag="040" ind1=" " ind2=" ">
    <subfield code="c">RUA</subfield>
  </datafield>
  <datafield tag="082" ind1=" " ind2=" ">
    <subfield code="a">FOR SAM 2013 B142 Or.1</subfield>
  </datafield>
  <datafield tag="100" ind1=" " ind2=" ">
    <subfield code="9">3680</subfield>
    <subfield code="a">SAM, SREY NICH.</subfield>
  </datafield>
  <datafield tag="245" ind1=" " ind2=" ">
    <subfield code="a">Unilzation  of non timber forest prodct in the samrong community forest of samrong commune tramka district takeo province, &#x1780;&#x17B6;&#x179A;&#x1794;&#x17D2;&#x179A;&#x17BE;&#x1794;&#x17D2;&#x179A;&#x17B6;&#x179F;&#x17CB;&#x1795;&#x179B;-&#x17A2;&#x1793;&#x17BB;&#x1795;&#x179B;&#x1796;&#x17D2;&#x179A;&#x17C3;&#x1788;&#x17BE;&#x1793;&#x17C5;&#x1780;&#x17D2;&#x1793;&#x17BB;&#x1784;&#x179F;&#x17A0;&#x1782;&#x1798;&#x1793;&#x17CD;&#x1796;&#x17D2;&#x179A;&#x17C3;&#x1788;&#x17BE;&#x179F;&#x17C6;&#x179A;&#x17C4;&#x1784; &#x1783;&#x17BB;&#x17C6;&#x179F;&#x17C6;&#x179A;&#x17C4;&#x1784; &#x179F;&#x17D2;&#x179A;&#x17BB;&#x1780;&#x178F;&#x17D2;&#x179A;&#x17B6;&#x17C6;&#x1780;&#x1780;&#x17CB; &#x1781;&#x17C1;&#x178F;&#x17D2;&#x178F;&#x178F;&#x17B6;&#x1780;&#x17C2;&#x179C;</subfield>
  </datafield>
  <datafield tag="260" ind1=" " ind2=" ">
    <subfield code="a">Phnom Penh</subfield>
    <subfield code="b">RUA</subfield>
    <subfield code="c">2013</subfield>
  </datafield>
  <datafield tag="300" ind1=" " ind2=" ">
    <subfield code="a">xii, 52p.</subfield>
    <subfield code="b">ill.</subfield>
    <subfield code="c">29cm.</subfield>
  </datafield>
  <datafield tag="942" ind1=" " ind2=" ">
    <subfield code="2">ddc</subfield>
    <subfield code="c">FOR</subfield>
  </datafield>
  <datafield tag="999" ind1=" " ind2=" ">
    <subfield code="c">3428</subfield>
    <subfield code="d">3428</subfield>
  </datafield>
  <datafield tag="952" ind1=" " ind2=" ">
    <subfield code="0">0</subfield>
    <subfield code="1">0</subfield>
    <subfield code="2">ddc</subfield>
    <subfield code="4">0</subfield>
    <subfield code="6">FOR_SAM_2013_000000000000000_B142_OR_1</subfield>
    <subfield code="7">0</subfield>
    <subfield code="9">16326</subfield>
    <subfield code="a">LBB</subfield>
    <subfield code="b">LBB</subfield>
    <subfield code="c">B142</subfield>
    <subfield code="d">2015-11-14</subfield>
    <subfield code="o">FOR SAM 2013 B142 Or.1</subfield>
    <subfield code="p">RUA027084</subfield>
    <subfield code="r">2015-11-14</subfield>
    <subfield code="w">2015-11-14</subfield>
    <subfield code="y">FOR</subfield>
  </datafield>
  <datafield tag="952" ind1=" " ind2=" ">
    <subfield code="0">0</subfield>
    <subfield code="1">0</subfield>
    <subfield code="2">ddc</subfield>
    <subfield code="4">0</subfield>
    <subfield code="6">FOR_SAM_2013_000000000000000_B142_OR_2</subfield>
    <subfield code="7">0</subfield>
    <subfield code="9">16327</subfield>
    <subfield code="a">LBB</subfield>
    <subfield code="b">LBB</subfield>
    <subfield code="c">B142</subfield>
    <subfield code="d">2015-11-14</subfield>
    <subfield code="l">2</subfield>
    <subfield code="o">FOR SAM 2013 B142 Or.2</subfield>
    <subfield code="p">RUA027308</subfield>
    <subfield code="r">2018-08-06</subfield>
    <subfield code="s">2018-08-04</subfield>
    <subfield code="w">2015-11-14</subfield>
    <subfield code="y">FOR</subfield>
  </datafield>
  <datafield tag="952" ind1=" " ind2=" ">
    <subfield code="0">0</subfield>
    <subfield code="1">0</subfield>
    <subfield code="2">ddc</subfield>
    <subfield code="4">0</subfield>
    <subfield code="6">FOR_SAM_2013_000000000000000_B142_OR_3</subfield>
    <subfield code="7">0</subfield>
    <subfield code="9">16328</subfield>
    <subfield code="a">LBB</subfield>
    <subfield code="b">LBB</subfield>
    <subfield code="c">B142</subfield>
    <subfield code="d">2015-11-14</subfield>
    <subfield code="l">3</subfield>
    <subfield code="m">2</subfield>
    <subfield code="o">FOR SAM 2013 B142 Or.3</subfield>
    <subfield code="p">RUA027236</subfield>
    <subfield code="r">2016-08-12</subfield>
    <subfield code="s">2016-07-27</subfield>
    <subfield code="w">2015-11-14</subfield>
    <subfield code="y">FOR</subfield>
  </datafield>
  <datafield tag="952" ind1=" " ind2=" ">
    <subfield code="0">0</subfield>
    <subfield code="1">0</subfield>
    <subfield code="2">ddc</subfield>
    <subfield code="4">0</subfield>
    <subfield code="6">FOR_SAM_2013_000000000000000_B142_OR_4</subfield>
    <subfield code="7">0</subfield>
    <subfield code="9">16329</subfield>
    <subfield code="a">LBB</subfield>
    <subfield code="b">LBB</subfield>
    <subfield code="c">B142</subfield>
    <subfield code="d">2015-11-14</subfield>
    <subfield code="o">FOR SAM 2013 B142 Or.4</subfield>
    <subfield code="p">RUA027164</subfield>
    <subfield code="r">2015-11-14</subfield>
    <subfield code="w">2015-11-14</subfield>
    <subfield code="y">FOR</subfield>
  </datafield>
  <datafield tag="952" ind1=" " ind2=" ">
    <subfield code="0">0</subfield>
    <subfield code="1">0</subfield>
    <subfield code="2">ddc</subfield>
    <subfield code="4">0</subfield>
    <subfield code="6">FOR_SAM_2013_000000000000000_B142_OR_5</subfield>
    <subfield code="7">0</subfield>
    <subfield code="9">16330</subfield>
    <subfield code="a">LBB</subfield>
    <subfield code="b">LBB</subfield>
    <subfield code="c">B142</subfield>
    <subfield code="d">2015-11-14</subfield>
    <subfield code="l">7</subfield>
    <subfield code="o">FOR SAM 2013 B142 Or.5</subfield>
    <subfield code="p">RUA027092</subfield>
    <subfield code="r">2023-08-31</subfield>
    <subfield code="s">2023-08-21</subfield>
    <subfield code="w">2015-11-14</subfield>
    <subfield code="y">FOR</subfield>
  </datafield>
  <datafield tag="952" ind1=" " ind2=" ">
    <subfield code="0">0</subfield>
    <subfield code="1">0</subfield>
    <subfield code="2">ddc</subfield>
    <subfield code="4">0</subfield>
    <subfield code="6">FOR_SAM_2013_000000000000000_B142_OR_6</subfield>
    <subfield code="7">0</subfield>
    <subfield code="9">16331</subfield>
    <subfield code="a">LBB</subfield>
    <subfield code="b">LBB</subfield>
    <subfield code="c">B142</subfield>
    <subfield code="d">2015-11-14</subfield>
    <subfield code="l">1</subfield>
    <subfield code="o">FOR SAM 2013 B142 Or.6</subfield>
    <subfield code="p">RUA027017</subfield>
    <subfield code="r">2023-02-08</subfield>
    <subfield code="s">2023-01-27</subfield>
    <subfield code="w">2015-11-14</subfield>
    <subfield code="y">FOR</subfield>
  </datafield>
  <datafield tag="952" ind1=" " ind2=" ">
    <subfield code="0">0</subfield>
    <subfield code="1">0</subfield>
    <subfield code="2">ddc</subfield>
    <subfield code="4">0</subfield>
    <subfield code="6">FOR_SAM_2013_000000000000000_B142_OR_7</subfield>
    <subfield code="7">0</subfield>
    <subfield code="9">16332</subfield>
    <subfield code="a">LBB</subfield>
    <subfield code="b">LBB</subfield>
    <subfield code="c">B142</subfield>
    <subfield code="d">2015-11-14</subfield>
    <subfield code="o">FOR SAM 2013 B142 Or.7</subfield>
    <subfield code="p">RUA027018</subfield>
    <subfield code="r">2015-11-14</subfield>
    <subfield code="w">2015-11-14</subfield>
    <subfield code="y">FOR</subfield>
  </datafield>
  <datafield tag="952" ind1=" " ind2=" ">
    <subfield code="0">0</subfield>
    <subfield code="1">0</subfield>
    <subfield code="2">ddc</subfield>
    <subfield code="4">0</subfield>
    <subfield code="6">FOR_SAM_2013_000000000000000_B142_OR_8</subfield>
    <subfield code="7">0</subfield>
    <subfield code="9">16333</subfield>
    <subfield code="a">LBB</subfield>
    <subfield code="b">LBB</subfield>
    <subfield code="c">B142</subfield>
    <subfield code="d">2015-11-14</subfield>
    <subfield code="l">1</subfield>
    <subfield code="o">FOR SAM 2013 B142 Or.8</subfield>
    <subfield code="p">RUA027445</subfield>
    <subfield code="r">2019-05-28</subfield>
    <subfield code="s">2019-02-08</subfield>
    <subfield code="w">2015-11-14</subfield>
    <subfield code="y">FOR</subfield>
  </datafield>
  <datafield tag="952" ind1=" " ind2=" ">
    <subfield code="0">0</subfield>
    <subfield code="1">0</subfield>
    <subfield code="2">ddc</subfield>
    <subfield code="4">0</subfield>
    <subfield code="6">FOR_SAM_2013_000000000000000_B142_OR_9</subfield>
    <subfield code="7">0</subfield>
    <subfield code="9">84231</subfield>
    <subfield code="a">LBB</subfield>
    <subfield code="b">LBB</subfield>
    <subfield code="c">B142</subfield>
    <subfield code="d">2020-04-29</subfield>
    <subfield code="o">FOR SAM 2013 B142 Or.9</subfield>
    <subfield code="p">A064659</subfield>
    <subfield code="r">2020-04-29</subfield>
    <subfield code="w">2020-04-29</subfield>
    <subfield code="y">FOR</subfield>
  </datafield>
</record>
